| 000 | 00681nam a2200241 a 4500 | ||
|---|---|---|---|
| 999 |
_c836 _d836 |
||
| 008 | 191104r20062010ii a|||g |||| 001 0 eng d | ||
| 020 |
_a9788121926164 _cRs. 425.00 |
||
| 040 |
_aKO _beng |
||
| 041 | 0 | _aeng | |
| 044 | _aii | ||
| 082 | 0 | 4 |
_223 _a620.1 _bK529 |
| 100 | 1 | _aKhurmi, R. S. | |
| 245 | 1 | 0 |
_aA Textbook of Engineering Mechanics : _bSI Units / _cR. S. Khurmi |
| 250 | _a20th rev. ed. | ||
| 260 |
_aNew Delhi : _bS. Chand & Company Ltd, _c2006, reprinted 2010 |
||
| 300 |
_axii, 765 p. : _bcol. ill. ; _c24 cm. |
||
| 504 | _aIncludes index. | ||
| 650 | 0 |
_aMechanics, Applied _vTextbooks |
|
| 650 | 0 |
_aDynamics _vTextbooks |
|
| 904 | _aS_JOY | ||
| 942 | _cBK | ||